Konštrukčný návrh nosiča kolesa prednej nepoháňanej nápravy

Uložené v:
Podrobná bibliografia
Hlavný autor: Tomiček, Kristián (Autor)
Ďalší autori: Milesich, Tomáš (Vedúci práce)
Médium: Rukopis Kniha
Jazyk:Slovak
Vydavateľské údaje: 2019
Predmet:
On-line prístup:http://is.stuba.sk/zp/portal_zp.pl?podrobnosti=137272
Tagy: Pridať tag
Žiadne tagy, Buďte prvý, kto otaguje tento záznam!

MARC

LEADER 00000ntm a22000003a 4500
001 stuzp74816
003 SK-STU
005 20190608213250.1
007 ta
008 150427s2015----xo-----f-mn---000-0-slo-d
040 |a STU  |b slo 
041 0 |a slo 
100 1 |a Tomiček, Kristián  |u 020030  |4 aut  |U SjF Strojnícka fakulta  |T SjF Ústav dopravnej techniky a konštruovania  |X 87775  |U J0030  |Y 806  |7 87775 
242 0 1 |a Design of wheel carrier front non-driven axle  |y eng 
245 1 0 |a Konštrukčný návrh nosiča kolesa prednej nepoháňanej nápravy 
260 |c 2019 
650 4 |a náprava  |2 slo 
650 4 |a tehlica  |2 slo 
650 4 |a analýza  |2 slo 
650 4 |a Wheel suspension  |2 eng 
650 4 |a upright  |2 eng 
650 4 |a analysis  |2 eng 
700 1 |a Milesich, Tomáš  |u 020030  |k Z2  |4 ths  |U SjF Strojnícka fakulta  |T SjF Ústav dopravnej techniky a konštruovania  |X 49630  |U J0030  |Y 806  |7 A000049630 
856 4 |u http://is.stuba.sk/zp/portal_zp.pl?podrobnosti=137272 
996 |b 284J045918  |c J* 3028/DBP  |l JJSK  |s A  |a 24  |w stuzp74816_0001